Sổ tay phòng chống các bệnh từ động vật lây sang người

Đã lưu trong:
Sonraí Bibleagrafaíochta
Príomhúdar: Bùi, Quý Huy
Formáid: Leabhar
Teanga:Undetermined
Foilsithe: Hà Nội Nông Nghiệp 2002
Ábhair:
Clibeanna: Cuir Clib Leis
Gan Chlibeanna, Bí ar an gcéad duine leis an taifead seo a chlibeáil!
Thư viện lưu trữ: Trung tâm Học liệu Trường Đại học Cần Thơ
LEADER 00612nam a2200193Ia 4500
001 CTU_88145
008 210402s9999 xx 000 0 und d
020 |c 26500 
082 |a 614.56 
082 |b H523 
100 |a Bùi, Quý Huy 
245 0 |a Sổ tay phòng chống các bệnh từ động vật lây sang người 
245 0 |c Bùi Quý Huy 
260 |a Hà Nội 
260 |b Nông Nghiệp 
260 |c 2002 
650 |a Animals as carriers of diseases,Communicable diseases,Zoonoses 
904 |i Tuyến 
980 |a Trung tâm Học liệu Trường Đại học Cần Thơ